000 00874nam a2200241 a 4500
001 44598
003 BD-RjUL
005 20211209053904.0
008 160718s1954 ii a|||| |||| 00| f ben d
020 _c: IRs. 2.25
035 _a(BD-RjUL)44716
040 _aBD-RjUL
_bben
_cBD-RjUL
041 _aben
082 _223
_a891.443
_bTHR 1954
100 _aঠাকুর, অবনীন্দ্রনাথ
_9121196
245 1 0 _aরাজ কাহিনী /
_cঅবনীন্দ্রনাথ ঠাকুর
250 _a৬ষ্ঠ একত্রিত সং.
260 _aকলকাতা :
_bসিগনেট প্রেস,
_c১৯৫৪ (১৩৬১)
300 _a২০৯ পৃ. :
_bচিত্র ;
_c১৮ সেমি.
650 _aবাংলা উপন্যাস
_9136813
650 _aBengali Fiction
_9136814
942 _2ddc
_cBK
999 _c44598
_d44598